| 000 | 00357pab a2200157 454500 | ||
|---|---|---|---|
| 008 | 180718b2002 xxu||||| |||| 00| 0 eng d | ||
| 100 | _aCorbitt, Terry | ||
| 245 | _aTax evasion and the internet | ||
| 260 | _c2002 | ||
| 300 | _ap.18-19. | ||
| 362 | _aAug | ||
| 650 | _aInternet | ||
| 650 | _aTaxation | ||
| 773 | _aManagement Services | ||
| 909 | _a53414 | ||
| 999 |
_c53414 _d53414 |
||